Регионална библиотека "Любен Каравелов" - Русе

Българските кораби (Запис номер 494881)

MARC детайли
000 -Лидер
Лидер 01801nam a2200361 a 4500
003 - Код на организацията, давaща контролен номер
Код на организацията, даваща контролен номер BLK
005 - Дата и час на последна редакция
Дата и час на последна редакция 20231212163555.0
008 - Елементи от данни с фиксирана дължина
Елементи с фиксирана дължина 230821b bul|||||r ||||||| ||bul||
020 ## - Международен стандартен номер на книга ISBN
ISBN 9789547522251
040 ## - Източник на каталожния запис
Код на библиотеката BLK
041 ## - Код за език
Език Български
Език за КДБФ Български
080 ## - УДК
УДК текст Военноморски флот - Персонал и организация. Служби. Части, принадлежащи към военно-морския флот - морска пехота, морскаартилерия и въздушни сили;технически служби в морския флот;санитарна служба
УДК код 359
УДК – определител (497.2)(091)
УДК – код + определител 359(497.2)(091)
9 (RLIN) 229548
084 ## - Класификационен индекс по друга класификация
Авторски знак Панч - П 20
100 ## - Редна дума - Автор
Автор Панчелиев, Калоян Росенов
R(LIN) 433490
245 10 - Сведения за заглавието
Заглавие Българските кораби
Подзаглавни данни Т. 2, кн. 1. Дунавската част в Първата световна война : Колубарският капан
Авторска отговорност Калоян Панчелиев, Преслав Панчелиев
257 ## - Страна на издаване
Страна на създаване/издаване България
260 ## - Област на издателските данни
Място на издаване София
Име на издателя Еър груп 2000
Година на издаване 2023
Печатница ([София] : Дайрект Сървисиз)
300 ## - Физическа характеристика
Брой страници 346 с.
Илюстрации с ил., сх., к.
Размер 23 см
380 ## - Жанр
Жанр Обществени науки
504 ## - Забележка за наличие на библиография и др
Библиография Библиогр. с. 232-236
650 #4 - Допълнително описание по предмет – тема
Предметна рубрика Кораби, военни - България
9 (RLIN) 311066
653 ## - Ключова дума – ненормативна
Ключови думи кораби
653 ## - Ключова дума – ненормативна
Ключови думи военни кораби
653 ## - Ключова дума – ненормативна
Ключови думи Дунавска военна флотилия
9 (RLIN) 486970
700 ## - Други автори (авторска отговорност)
9 (RLIN) 489036
Друг автор Панчелиев, Преслав Росенов
852 ## - Местоположение
Отдел Краезнание
Систематично-азбучна сигнатура 355/359/П 20 К
856 4# - Електронен адрес и достъп
Електронен формат pdf - файл
856 4# - Електронен адрес и достъп
Електронен формат pdf - файл
942 ## - АРТИКУЛИ
Вид на библиотечния документ Книги
Скрит в OPAC Не
Koha issues (borrowed), all copies 1
944 ## - СЪЗДАВАНЕ И РЕДАКЦИЯ на ЗАПИСА
Дата на регистрацията/редакция Геновева Генчева
Служител, извършил регистрацията/редакцията 30558
Номер на служител Валя Йорданова
999 ## - СИСТЕМНИ КОНТРОЛНИ НОМЕРА
Koha biblionumber 494881
Koha biblioitemnumber 494881
999 ## - СИСТЕМНИ КОНТРОЛНИ НОМЕРА
Koha biblioitemnumber 494881
Наличности
Код за отписване Код за изгубен артикул Източник на класификационната схема Код за повреда Коз за рестрикции Код за отдаване Артикулен № Име на библиотеката - собственик Име на библиотеката, в която се намира в момента Статус (Текущо местоположение) Дата на вписване в системата Местоположение - отдел Цена в лева Инвентарен номер Систематично азбучна сигнатура Баркод Цена в евро Служебен тип на артикула
  Не е изгубен Universal Decimal Classification Не е повреден само за читалня ползва се в читалня 933212 Регионална библиотека "Любен Каравелов" Русе Регионална библиотека "Любен Каравелов" Русе Краезнание 2023-08-21 Краезнание 28.00 120000892384 К 355/359/П 20 К 120000892384 14.32 Книги
  Не е изгубен Universal Decimal Classification Не е повреден само за читалня ползва се в читалня 939559 Регионална библиотека "Любен Каравелов" Русе Регионална библиотека "Любен Каравелов" Русе Хранилище 2024-01-19 Хранилище 35.00 120000898590 Цб 321586 120000898590 17.90 Книги
Vip Innovations Ltd, Rousse, Bulgaria 2025